00987cam a2200253I 450000100060000000300080000600500170001400800410003103500190007204000380009104100080012908200210013710000230015824500720018125000130025326000690026630000220033549000680035750000680042550501030049365000370059665000500063365000500068322654BD-RjUL20211209000832.0140309r19671963enk b 00100 eng d a(BD-RjUL)22719 aDLCcWSUdm.c.dSERdBD-RjULbeng aeng a813.6bWEM 19671 aWest, Paul,d1930-14aThe modern novel /nVolume-2pThe United States and other countries a[2d ed.] aLondon :bHutchinson Unversity Library, c1963 [Reprinted 1967]. a 450 p. ;c20 cm.0 aHutchinson university library: Modern languages and literature. aLabel mounted on each t.p.: Hillary House Publishers, New York.1 av. 1. England and France.--v. 2. The United States and other countries. Bibliography: (p. 432-437) 0aStream of consciousness fiction. 0aFictiony19th centuryxHistory and criticism. 0aFictiony20th centuryxHistory and criticism.